Normal view
MARC view
- الطب النفسي-الصحة النفسية-الارشاد النفسي-ارشاد الطلاب
Entry Topical Term
001 - CONTROL NUMBER
- control field: 29427
003 - CONTROL NUMBER IDENTIFIER
- control field: JO-AjAnu
005 - DATE AND TIME OF LATEST TRANSACTION
- control field: 20230606074957.0
008 - FIXED-LENGTH DATA ELEMENTS
- fixed length control field: 230606|| aca||aabn | a|a d
040 ## - CATALOGING SOURCE
- Original cataloging agency: JO-AjAnu
- Transcribing agency: JO-AjAnu
150 ## - HEADING--TOPICAL TERM
- Topical term or geographic name entry element: الطب النفسي-الصحة النفسية-الارشاد النفسي-ارشاد الطلاب
670 ## - SOURCE DATA FOUND
- Source citation: Work cat.: (JO-AjAnu)15110: الخواجا،عبد الفتاح, author 29426, مفاهيم أساسية في الصحة النفسية والإرشاد النفسي